Microelectronics Digital/Analog Communications Handbook / (Record no. 190648)

000 -LEADER
fixed length control field 00845 a2200169 4500
003 - CONTROL NUMBER IDENTIFIER
control field Nust
005 - DATE AND TIME OF LATEST TRANSACTION
control field 20221208114920.0
040 ## - CATALOGING SOURCE
Transcribing agency Nust
082 ## - DEWEY DECIMAL CLASSIFICATION NUMBER
Classification number 621.382,MIC
100 ## - MAIN ENTRY--PERSONAL NAME
Personal name Mitel Semiconductor
9 (RLIN) 104440
245 ## - TITLE STATEMENT
Title Microelectronics Digital/Analog Communications Handbook /
Statement of responsibility, etc. Mitel Semiconductor
260 ## - PUBLICATION, DISTRIBUTION, ETC.
Place of publication, distribution, etc. Canada
Name of publisher, distributor, etc. Mitel Semiconductor
Date of publication, distribution, etc. 1993
300 ## - PHYSICAL DESCRIPTION
Extent 1215,various paging
505 ## - FORMATTED CONTENTS NOTE
Formatted contents note Introduction (Page-1), Digital Switches (Page-2), Primary Rate Interfaces (Page-3), Basic Rate Interface (Page-4), Codecs and Digital Phone Components (Page-5),Timing & Control Product (Page-6), Analog Switches (Page-7), DTMF & Signaling Components (Page-8), Line & Trunk Interface (Page-9), Custom Hybrid Services (Page-10), Custom Warfare Fabrication Services (Page-11),
650 ## - SUBJECT ADDED ENTRY--TOPICAL TERM
Topical term or geographic name entry element Telecommunications engineering.
9 (RLIN) 58485
942 ## - ADDED ENTRY ELEMENTS (KOHA)
Source of classification or shelving scheme
Koha item type Book
Holdings
Withdrawn status Lost status Source of classification or shelving scheme Damaged status Not for loan Permanent Location Current Location Shelving location Date acquired Full call number Barcode Date last seen Price effective from Koha item type Public note
          Military College of Signals (MCS) Military College of Signals (MCS) General Stacks 12/12/2016 621.382,MIC MCS34967 12/08/2016 12/12/2016 Book Almirah No.35, Shelf No.4
© 2023 Central Library, National University of Sciences and Technology. All Rights Reserved.